[Event "St Louis Summer B"]
[Site "Saint Louis USA"]
[Date "2019.06.26"]
[Round "8.2"]
[White "Sevian, Samuel"]
[Black "Ganguly, Surya Shekhar"]
[Result "1-0"]
[WhiteTitle "GM"]
[BlackTitle "GM"]
[WhiteElo "2677"]
[BlackElo "2642"]
[WhiteFideId "2040506"]
[BlackFideId "5002150"]
[EventDate "2019.06.18"]

1. e4 e6 2. d4 d5 3. Nc3 Bb4 4. e5 c5 5. Qg4 Ne7 6. dxc5 Bxc5 7. Bd3 Qb6 8. Nh3
Nd7 9. f4 g6 10. Bd2 Be3 11. O-O-O Bxd2+ 12. Rxd2 Nc5 13. Qh4 h6 14. g4 Bd7 15.
Ng5 Qb4 16. Nxf7 Nxd3+ 17. cxd3 Kxf7 18. Qf6+ Kg8 19. a3 Qd4 20. Qxe7 Rh7 21.
Qb4 Qe3 22. Nd1 Qf3 23. Rg1 Rf7 24. f5 exf5 25. Qd4 Be6 26. Rf2 Qh3 27. gxf5
Bxf5 28. Ne3 Rc8+ 29. Kd2 Rcf8 30. Nxf5 Rxf5 31. Rxg6+ Kh7 32. Rfg2 Rf4 33. Rg7+
Kh8 34. Qxf4 Qxg2+ 35. Rxg2 Rxf4 36. Ke3 Rh4 37. e6 d4+ 38. Kd2 1-0

[Event "St Louis Summer B"]
[Site "Saint Louis USA"]
[Date "2019.06.27"]
[Round "9.1"]
[White "Gabuzyan, Hovhannes"]
[Black "Fridman, Daniel"]
[Result "0-1"]
[WhiteTitle "GM"]
[BlackTitle "GM"]
[WhiteElo "2619"]
[BlackElo "2644"]
[WhiteFideId "13303732"]
[BlackFideId "11600454"]
[EventDate "2019.06.18"]

1. c4 e6 2. Nc3 d5 3. d4 Nf6 4. Nf3 c6 5. e3 a6 6. Bd3 dxc4 7. Bxc4 b5 8. Bd3 c5
9. a4 b4 10. Ne4 Nbd7 11. b3 cxd4 12. Nxd4 Bb7 13. Nxf6+ Qxf6 14. Bb2 Bxg2 15.
Rg1 Bb7 16. Qe2 Nc5 17. Bb5+ axb5 18. Qxb5+ Nd7 19. Qxb7 Rb8 20. Qc7 Qd8 21. Qc6
Rc8 22. Qb5 Rc5 23. Qb7 Rc7 24. Qb5 Rc5 25. Qa6 Ra5 26. Qe2 Rc5 27. Rd1 Qc8 28.
Nb5 Rc2 29. Rd2 Rxb2 30. Rxb2 Qc1+ 31. Qd1 Qxb2 32. Rg4 Bc5 33. Rc4 Qe5 34. Nd6+
Bxd6 35. Rc8+ Ke7 36. Rxh8 Qxh2 37. Qg4 Qh1+ 38. Ke2 Qd5 39. Qxg7 Qh5+ 40. Ke1
Qh1+ 41. Ke2 Qh5+ 42. Ke1 Be5 43. Rxh7 Qf5 44. Qh6 Qd3 45. Qh4+ Ke8 46. f4 Qxe3+
47. Kf1 Qf3+ 48. Kg1 Bd4+ 49. Kh2 Qe2+ 50. Kh3 Qf1+ 0-1

[Event "St Louis Summer B"]
[Site "Saint Louis USA"]
[Date "2019.06.27"]
[Round "9.3"]
[White "Ganguly, Surya Shekhar"]
[Black "Oparin, Grigoriy"]
[Result "1/2-1/2"]
[WhiteTitle "GM"]
[BlackTitle "GM"]
[WhiteElo "2642"]
[BlackElo "2644"]
[WhiteFideId "5002150"]
[BlackFideId "24125890"]
[EventDate "2019.06.18"]

1. e4 e5 2. Nf3 Nc6 3. Bc4 Nf6 4. d3 Be7 5. O-O O-O 6. a4 d6 7. a5 a6 8. Re1 Be6
9. Nbd2 Nd7 10. c3 Bg5 11. Bxe6 fxe6 12. Nc4 Bf4 13. d4 Qf6 14. Bxf4 Qxf4 15.
Qe2 Rae8 16. Rad1 exd4 17. Nxd4 Nce5 18. f3 g5 19. Rf1 Qf6 20. Kh1 Re7 21. Ne3
Qg6 22. b4 Ref7 23. Qa2 Rf6 24. Kg1 Kh8 25. h3 h5 26. Qf2 R8f7 27. Qg3 Qh6 28.
c4 Ng6 29. c5 Nde5 30. cxd6 cxd6 31. Rc1 Nf4 32. Kh1 g4 33. fxg4 hxg4 34. Ndf5
exf5 35. Rxf4 fxe4 36. Rc8+ Kh7 37. Rxe4 Rf1+ 38. Kh2 R1f4 39. Rxf4 Qxf4 40.
Qxf4 Rxf4 41. Rc7+ Kg6 42. Rxb7 gxh3 43. Kxh3 Rd4 44. g3 Nc6 45. b5 axb5 46.
Rxb5 Ra4 47. Rb6 Nxa5 48. Rxd6+ Kf7 49. Nf5 Nb7 50. Rd5 Ra5 51. Rd7+ Ke6 52.
Rxb7 Kxf5 1/2-1/2

[Event "St Louis Summer B"]
[Site "Saint Louis USA"]
[Date "2019.06.28"]
[Round "10.1"]
[White "Fridman, Daniel"]
[Black "Ganguly, Surya Shekhar"]
[Result "1/2-1/2"]
[WhiteTitle "GM"]
[BlackTitle "GM"]
[WhiteElo "2644"]
[BlackElo "2642"]
[WhiteFideId "11600454"]
[BlackFideId "5002150"]
[EventDate "2019.06.18"]

1. d4 Nf6 2. Nf3 e6 3. c4 d5 4. g3 Be7 5. Bg2 O-O 6. Nc3 dxc4 7. Ne5 Qd6 8. Nxc4
Qa6 9. Qb3 Nc6 10. e3 Rb8 11. Qb5 Qxb5 12. Nxb5 a6 13. Nc3 b5 14. Nd2 Bb7 15.
O-O Nb4 16. Nb3 Bxg2 17. Kxg2 c5 18. Nxc5 Bxc5 19. dxc5 Nd3 20. Rb1 Nxc5 21. Rd1
Rfd8 22. Bd2 Rd7 23. Be1 Nd3 24. Ne2 e5 25. Kf1 Rc8 26. Nc1 Nxb2 27. Rxd7 Nxd7
28. Rxb2 Rxc1 29. Rd2 Rc7 30. Rd6 Ra7 31. Ba5 f5 32. Bb6 Rb7 33. Ba5 Nb8 34. a3
Kf7 35. Ke2 e4 36. h3 h5 37. f3 exf3+ 38. Kxf3 Re7 39. Kf4 g6 40. Kg5 Rxe3 41.
Rf6+ Ke8 42. Bb4 Nd7 43. Rxg6 a5 44. Bd6 Kf7 45. Rh6 Rf3 46. Bf4 b4 47. axb4
axb4 48. Rh7+ Ke6 49. Rh6+ Kf7 50. Rh7+ 1/2-1/2

[Event "St Louis Summer B"]
[Site "Saint Louis USA"]
[Date "2019.06.28"]
[Round "10.2"]
[White "Oparin, Grigoriy"]
[Black "Kovalenko, Igor"]
[Result "1/2-1/2"]
[WhiteTitle "GM"]
[BlackTitle "GM"]
[WhiteElo "2644"]
[BlackElo "2651"]
[WhiteFideId "24125890"]
[BlackFideId "14117908"]
[EventDate "2019.06.18"]

1. Nf3 d5 2. g3 c6 3. Bg2 Bg4 4. O-O Nd7 5. d3 e6 6. c4 Bc5 7. cxd5 cxd5 8. Nc3
Ne7 9. Qa4 Bxf3 10. Bxf3 Nc6 11. Bd2 O-O 12. Bg2 a6 13. Rfc1 Qe7 14. Rab1 Rfc8
15. Qd1 Nde5 16. Be1 Ba7 17. b4 h5 18. b5 axb5 19. Nxb5 h4 20. d4 Nd7 21. e3
hxg3 22. hxg3 Bb6 23. a4 Ba5 24. Nc3 Nf6 25. Qb3 b6 26. Qd1 Qd8 27. Bf1 Ne7 28.
Bd3 g6 29. Kg2 Kg7 30. Bd2 Nf5 31. Ne2 Bxd2 32. Rxc8 Qxc8 33. Qxd2 Ng4 34. Bxf5
exf5 35. f3 Qc2 36. Qxc2 Nxe3+ 37. Kf2 Nxc2 38. Rb2 Na3 39. Nc3 Rh8 40. Rb3 Nc2
41. Nxd5 Nxd4 42. Rd3 Ne6 43. Nxb6 Rh2+ 44. Ke3 Ra2 45. Rc3 1/2-1/2

[Event "St Louis Summer B"]
[Site "Saint Louis USA"]
[Date "2019.06.28"]
[Round "10.3"]
[White "Sevian, Samuel"]
[Black "Gabuzyan, Hovhannes"]
[Result "0-1"]
[WhiteTitle "GM"]
[BlackTitle "GM"]
[WhiteElo "2677"]
[BlackElo "2619"]
[WhiteFideId "2040506"]
[BlackFideId "13303732"]
[EventDate "2019.06.18"]

1. e4 c5 2. Nf3 d6 3. d4 cxd4 4. Nxd4 Nf6 5. Nc3 a6 6. Bg5 e6 7. f4 Qc7 8. Bxf6
gxf6 9. Qf3 Nc6 10. O-O-O Nxd4 11. Rxd4 b5 12. Be2 Bb7 13. f5 Qc5 14. Rhd1 e5
15. R4d3 Rc8 16. a3 h5 17. Kb1 h4 18. Bf1 Be7 19. Qe2 Kd7 20. Rh3 Bd8 21. Nd5
Qa7 22. Qd2 Ke8 23. Qe1 Rc5 24. Nc3 Ke7 25. Rxh4 Rxh4 26. Qxh4 Ba5 27. Na2 Rc8
28. c3 Qe3 29. Bd3 Rg8 30. g3 Qf3 31. Bc2 Rg4 32. Qh6 Rxe4 33. Nc1 Rc4 34. Nb3
Bb6 35. Qd2 d5 36. Re1 Qg4 37. Qh6 Bf2 38. Rf1 Qe2 39. Qh3 d4 40. Na5 Bd5 41. g4
Be3 42. Bd1 Qd2 43. Nb3 Be4+ 44. Ka2 Qd3 45. Bf3 Rxc3 46. Bxe4 Qxe4 47. g5 Qc2
48. gxf6+ Kd7 49. Na1 Rxa3+ 50. Kxa3 Qa4# 0-1